000 00880nam a2200289Ia 4500
001 Z_3829
003 CHAP
008 220113s1997 xx 000 0 und d
010 _a166890
040 _cCHAP
090 _aFolleto 539
100 _aVázquez Gómez, Jorge
_9120374
245 _aGanadería tropical mexicana : retos fortaleza y debilidad /
_cpor Jorge Vázquez Gómez
260 _aTuxtla Gutiérrez, Chiapas :
_bUniversidad Autónoma de Chiapas. Escuela de Medicina Veterinaria y Zootecnía,
_c1997
300 _a107 p. ; ilus.
440 _a
500 _a
503 _a
650 _aGanadería Tropical
_9141038
650 _aGanado
_xTrópico I. Universidad Autónoma de Chiapas. Escuela de Medicina Veterinaria y Zootecnia
_9141039
901 _aFolleto 539
902 _aA
910 _a1997
942 _cc14
942 _cc14
999 _c166890
_d166890